| 000 | 00510nam a22001337a 4500 | ||
|---|---|---|---|
| 008 | 110712t xxu||||| |||| 00| 0 ara d | ||
| 082 |
_222 _a227 _bخ ل ي |
||
| 100 |
_926274 _aخليل، السيد بن أحمد |
||
| 245 |
_aحكم المثاني : _bتفسير القرآن الكريم (الفاتحة اولبقرة ) / _cالسيد بن أحمد خليل |
||
| 260 |
_aالقاهرة : _bدار الانسان، 1984 _c1984 |
||
| 300 |
_a491 ص؛ _c23 سم |
||
| 653 |
_bGeneral _cJuly2011 |
||
| 942 |
_2ddc _cBB |
||
| 999 |
_c15682 _d15682 |
||